Quiz o województwie mazowieckim - Statystyki

Ogólne statystyki
  • Ten quiz został rozwiązany 113 razy
    46 od ostatniego zresetowania
  • Średni wynik to 5 z 17
Statystyki odpowiedzi
Wskazówka Odpowiedź % Poprawnych
Siedziba rządów Warszawa
97%
Jedyny park narodowy w województwie {Kampinoski} Park Narodowy
62%
Port lotniczy znajdujący się 35 km na północny-zachód od granicy śródmieścia Warszawy Lotnisko Modlin-Warszawa
54%
Najbardziej na północ wysunięty powiat Powiat {ostrołęcki}
54%
Klub sportowy, który od sezonu 16/17 do 22/23 grał w piłkarskiej Ekstraklasie Wisła Płock
46%
zespół pałacowo-ogrodowy wWarszawie założony w XVIII wieku Łazienki Królewskie
41%
Państwo, które jest położone ok. 2 km od województwa mazowieckiego Białoruś
36%
Pomysłodawca powyższego Stanisław August Poniatowski
31%
Publiczna szkoła wyższa założona 15.11.1915r. wWarszawie, jest jedną z największych szkół o profilu technicznym w Europie Środkowo-Wschodniej Politechnika warszawska
26%
Linia lotnicza, która posiada węzeł lotniczy na powyższym Ryanair
26%
Spółka eksploatująca wszystkie warszawskie linie tramwajowe Tramwaje Warszawskie
15%
Jaka jednostka lokalnego samorządu organizuje transport zbiorowy na terenie aglomeracji warszawskiej? Zarząd Transportu Miejskiego
15%
Wojewoda Mariusz Frankowski
13%
Barokowy pałac królewski znajdujący się w Warszawie, utworzony w 1696r. Pałac w Wilanowie
10%
Najbardziej zaludnione miasto, które nie jest miastem na prawach powiatu Pruszków
5%
Polski pisarz i prozaik urodzony wsierpniu 1847r., w Warszawie Bolesław Prus
3%
Ten pilot zmarł w wyniku katastrofy w okolicach portu lotniczego w Płocku Marek Szufa
0%
Nie znaleziono quizów pasujących do podanych kryteriów
Rozkład punktacji
Procent ludzi z każdym wynikiem
Percentyl według liczby udzielonych odpowiedzi
Twoja historia wyników
Nie rozwiązałeś tego quizu od ostatniego zresetowania